Logo BPK

Biblioteka

Politechniki Koszalińskiej

Fertigkeit Schreiben / (Rekord nr 54348)

Szczegóły MARC
000 -ETYKIETA REKORDU
podpole kontrolne o stałej długości 01072nam a2200265 i 4500
001 - NUMER KONTROLNY REKORDU
pole kontrolne bg
020 ## - MIĘDZYNARODOWY ZNORMALIZOWANY NUMER KSIĄŻKI - ISBN
ISBN 9783468496660
040 ## - ŹRÓDŁO KATALOGOWANIA
Instytucja, która utworzyła rekord BPK
041 0# - KOD JĘZYKA
Kod języka tekstu ger
044 ## - KOD KRAJU WYDAWCY/PRODUCENTA
Kod kraju wydawcy/producenta DEU
080 ## - UNIWERSALNA KLASYFIKACJA DZIESIĘTNA - UKD
UKD 811.112.2'35:37.091.3](072)
008 - POLE O STAŁEJ DŁUGOŚCI - DANE KONTROLNE
podpole kontrolne o stałej długości s pl f |000 0 pol
100 1# - NAZWA OSOBOWA
Nazwa osobowa Kast, Bernd.
245 10 - TYTUŁ/ODPOWIEDZIALNOŚĆ
Tytuł Fertigkeit Schreiben /
Pozostałe elementy strefy tytułu i oznaczenia odpowiedzialności Bernd Kast ; unter Mitarbeit Eva-Maria Jenkins.
260 ## - STREFA ADRESU WYDAWNICZEGO
Miejsce wydania Berlin [etc.] :
Nazwa wydawcy/dystrybutora Langenscheidt ;
Data publikacji, dystrybucji/powstania dokumentu 1999
Data produkcji (2007).
300 ## - STREFA OPISU FIZYCZNEGO
Objętość 232 s. :
Inne cechy fizyczne il. ;
Rozmiary 30 cm.
490 1# - STREFA SERII I DOKUMENTU WIELOCZĘŚCIOWEGO - FORMA NIE DO WYSZUKIWANIA
Tytuł i oznaczenie odpowiedzialności serii Fernstudienprojekt zur Fort- und Weiterbildung im Bereich Germanistik und Deutsch als Fremdsprache.
-- Teilbereich Deutsch als Fremdsprache
Numeracja w obrębie serii Fernstudieneinheit 12,
650 #9 - HASŁO PRZEDMIOTOWE W FORMIE NAZWY OGÓLNEJ LUB JEDNOSTKOWEJ
Nazwa ogólna lub geograficzna Język niemiecki
Określnik ogólny pisownia
650 #9 - HASŁO PRZEDMIOTOWE W FORMIE NAZWY OGÓLNEJ LUB JEDNOSTKOWEJ
Nazwa ogólna lub geograficzna Język niemiecki
Określnik ogólny nauczanie
655 ## - TERMIN INDEKSOWY - OKREŚLENIE RODZAJU/FORMY DOKUMENTU
Określenie rodzaju/formy dokumentu Podręczniki
700 1# - HASŁO DODATKOWE - NAZWA OSOBOWA
Nazwa osobowa Jenkins, Eva-Maria.
Określenie związku między hasłem a opisywanym materiałem Współaut.
830 ## - HASŁO DODATKOWE SERII LUB DOKUMENTU WIELOCZĘŚCIOWEGO - TYTUŁ UJEDNOLICONY
Tytuł ujednolicony Fernstudienprojekt zur Fort- und Weiterbildung im Bereich Germanistik und Deutsch als Fremdsprache.
Nazwa części/sekcji dzieła Teilbereich Deutsch als Fremdsprache
942 ## - DODATKOWE ELEMENTY (KOHA)
Typ dokumentu Książka
Egzemplarze
Wycofany Status egzemplarza Uszkodzony Dostępność Lokalizacja stała Lokalizacja bieżąca Miejsce przechowywania Sygnatura Kod kreskowy Dział Typ dokumentu
      Tylko na miejscu Biblioteka Politechniki Koszalińskiej Biblioteka Politechniki Koszalińskiej Czytelnia Wydziałowa ul. Kwiatkowskiego 6e 85600 02409153 37.016:81 Nauczanie języków Książka
      Dostępny Biblioteka Politechniki Koszalińskiej Biblioteka Politechniki Koszalińskiej Wypożyczalnia BG 85601 02409146   Książka
© 2023 Biblioteka Politechniki Koszalińskiej :: KOHA